| 000 | 00463nam a2200193Ia 4500 | ||
|---|---|---|---|
| 003 | OSt | ||
| 005 | 20260305153438.0 | ||
| 008 | 250729s1983 xx 000 0 und d | ||
| 020 | _a978-0356086071 | ||
| 040 | _cAL | ||
| 041 | _aeng | ||
| 082 | _a520 MACP | ||
| 100 |
_aMacdonald & Co _9229877 |
||
| 245 | _aPatric moores history of astronomy | ||
| 260 |
_aLondon _bMacdonald & Co _c1983 |
||
| 300 | _a327p | ||
| 650 |
_aHistory _9229878 |
||
| 942 |
_2ddc _cBED |
||
| 999 |
_c238501 _d238501 |
||